Normale Ansicht
MARC-Ansicht
Eintrag Personenname
001 - Kontrollnummer
- Kontrollfeld: 17590
003 - Kontrollnummer Identifier
- Kontrollfeld: RU-10907106
005 - Datum und Zeit der letzten Transaktion
- Kontrollfeld: 20221118094322.0
008 - Datenelemente mit fester Länge
- Kontrollfeld mit fester Länge: 221118|| aca||aabn | a|a d
040 ## - Katalogisierungsquelle
- Original-Katalogisierungsstelle: RU-10907106
- Übertragungsstelle: RU-10907106
100 ## - Ansetzung - Personenname
- Personenname: Radice, E. A
670 ## - Datenquelle
- Quellenangabe: Work cat.: (RU-10907106)45485: The economic history of Eastern Europe 1919-1975 Band 1 Economic structure and performance between the two wars